000 00628nam a2200229 a 4500
008
020 _a0333421310 (pbk.)
049 _aMAIN
090 _aQC133 DRA
100 1 _aDrabble, G. E.
245 1 0 _aDynamics /
_cG. E. Drabble.
260 _aHoundmills, Basingstoke :
_bMacmillan ,
_c1987.
300 _axiv, 318 p. :
_bill. ;
_c28 cm.
440 _aMacmillan college work out series.
500 _aIncludes index.
650 1 _aDynamics.
907 _a.b10113927
_b23-02-07
_c09-03-04
003
005 20230123133639.0
040 _cNUST
942 _cBOOKS
_kQC133 DRA
999 _c152204
_d152204